00521nam a2200145Ia 4500008004100000020001800041050002200059100002700081245008200108260003700190300002000227500006800247650002100315700003900336120721s9999 xx 000 0 und d a970-686-071-1 aQA37.2 53518 2001 aScheinerman, Edward R. aMatemáticas discretas / Edward R. Scheinerman; tr. Virgilio González Pozo aMéxico: Thomson Learning, 2001 a484 p. ; 23 cm. aTraducción de la obra : Mathematics : a discrete introduction a1. Matemáticas aI González Pozo, Virgilio tr.Ì